| 000 | 01478cam a2200433 a 4500 | ||
|---|---|---|---|
| 001 | 13918000 | ||
| 003 | OSt | ||
| 005 | 20140310184503.0 | ||
| 008 | 050401s2006 nyu c 000 1 eng | ||
| 020 | _a0439670217 | ||
| 020 | _a9780439670210 | ||
| 035 | _a(OCoLC)ocm58919725 | ||
| 040 |
_aDLC _cDLC _dIG# _dBAKER _dINO _dXY4 _dVP@ _dDLC |
||
| 042 | _alcac | ||
| 050 | 0 | 0 |
_aPZ 7 _b.K46843Blu 2006 |
| 082 | 0 | 0 | _a[Fic] |
| 100 | 1 |
_aKerr, Philip. _924609 |
|
| 245 | 1 | 4 |
_aThe Blue Djinn of Babylon / _cP.B. Kerr. |
| 250 | _a1st ed. | ||
| 260 |
_aNew York : _bOrchard Books, _cc2006. |
||
| 300 |
_a371 p. ; _c24 cm. |
||
| 490 | 1 |
_aChildren of the lamp ; _vbk. 2 |
|
| 521 | _aG8 | ||
| 526 | _c940 | ||
| 650 | 0 |
_aGenies _vJuvenile fiction. _928758 |
|
| 650 | 0 |
_aMagic _vJuvenile fiction. _928759 |
|
| 650 | 0 |
_aTwins _vJuvenile fiction. _928760 |
|
| 650 | 0 |
_aBrothers and sisters _vJuvenile fiction. _928761 |
|
| 650 | 1 |
_aGenies _vFiction. _928762 |
|
| 650 | 1 |
_aMagic _vFiction. _928763 |
|
| 650 | 1 |
_aTwins _vFiction. _928764 |
|
| 650 | 1 |
_aBrothers and sisters _vFiction. _928765 |
|
| 800 | 1 |
_aKerr, Philip. _tChildren of the lamp ; _vbk. 2. _928766 |
|
| 856 | 4 | 2 |
_3Publisher description _uhttp://www.loc.gov/catdir/enhancements/fy1115/2005008937-d.html |
| 906 |
_a7 _bcbc _corignew _d1 _eecip _f20 _gy-gencatlg |
||
| 942 |
_2lcc _cBK-SCHOLAS |
||
| 999 |
_c34771 _d34771 |
||